000
00348nam a2200157Ia 4500
003
0STCL
008
150530s9999 xx 000 0 und d
040
_a
STCL
_c
STCL
100
_a
Thomas Hardy
245
_a
Hand of Ethelberta
260
_b
Macmillan
_c
1957
546
_a
English
942
_2
ddc
_c
BK
999
_c
59193
_d
59193
005
20220125171100.0